[Event "Dortmund Sparkassen op-B 47th"]
[Site "Dortmund"]
[Date "2019.07.21"]
[Round "9"]
[White "Oezen, Alf"]
[Black "Dohmann, Dorothea"]
[Result "0-1"]
[WhiteElo "1831"]
[BlackElo "1710"]
[PlyCount "66"]
[EventDate "2019.07.13"]
[EventType "swiss"]
[EventRounds "9"]
[EventCountry "GER"]
[SourceTitle "CBM 192 Extra"]
[Source "Chessbase"]
[SourceDate "2019.11.06"]
[SourceVersion "1"]
[SourceVersionDate "2019.11.06"]
[SourceQuality "1"]

1. e4 c5 2. Nf3 Nc6 3. d3 g6 4. g3 Bg7 5. Bg2 d6 6. 0-0 Bg4 7. h3 Bxf3 8. Bxf3 Nf6 9. Nc3 0-0 10. Be3 Rb8 11. Bg2 b5 12. Qd2 a5 13. Bh6 Bxh6 14. Qxh6 Nd4 15. Qd2 a4 16. Rad1 Qd7 17. Nd5 Nxd5 18. exd5 b4 19. c3 bxc3 20. bxc3 Nb5 21. Rde1 Rb7 22. Re4 Na3 23. Rh4 f5 24. Qh6 Rf7 25. Qc1 Nb1 26. c4 a3 27. d4 cxd4 28. Rxd4 Rb2 29. Rfd1 Qa7 30. Bf1 Qa5 31. c5 Nc3 32. c6 Qc5 33. Rc4 Qxf2+ 0-1

[Event "GER-chA U25"]
[Site "Oberhof"]
[Date "2011.06.17"]
[Round "8"]
[White "Dohmann, Dorothea"]
[Black "Bruehan, Caren"]
[Result "1-0"]
[WhiteElo "1797"]
[BlackElo "1637"]
[PlyCount "47"]
[EventDate "2011.06.11"]
[EventType "swiss"]
[EventRounds "9"]
[EventCountry "GER"]
[SourceTitle "CBM 142 Extra"]
[Source "ChessBase"]
[SourceDate "2011.06.27"]
[SourceVersion "1"]
[SourceVersionDate "2011.06.27"]
[SourceQuality "1"]

1. e4 c5 2. Nf3 Nc6 3. d4 cxd4 4. Nxd4 g6 5. Nc3 Bg7 6. Be3 Nf6 7. f3 0-0 8. Bc4 Qb6 9. Qd3 Ne5 10. Qe2 Nxc4 11. Qxc4 a6 12. Nf5 Qd8 13. Nh6+ Bxh6 14. Bxh6 Re8 15. e5 Nh5 16. 0-0-0 b5 17. Qd4 e6 18. g4 Ng7 19. Ne4 Bb7 20. Nf6+ Kh8 21. Qxd7 Qxd7 22. Rxd7 Rf8 23. Rxb7 Rac8 24. Rd1 1-0

[Event "GER-ch U25"]
[Site "Oberhof"]
[Date "2010.05.27"]
[Round "7"]
[White "Dohmann, Dorothea"]
[Black "Eggert, Andre"]
[Result "1-0"]
[WhiteElo "1844"]
[BlackElo "1300"]
[PlyCount "103"]
[EventDate "2010.05.22"]
[EventType "swiss"]
[EventRounds "9"]
[EventCountry "GER"]
[SourceTitle "CBM 136 Extra"]
[Source "ChessBase"]
[SourceDate "2010.07.02"]
[SourceVersion "2"]
[SourceVersionDate "2010.07.15"]
[SourceQuality "1"]

1. e4 d5 2. exd5 Qxd5 3. Nc3 Qa5 4. Nf3 Bg4 5. Bc4 e6 6. d4 c6 7. Qd3 Bxf3 8. Qxf3 Nf6 9. Bb3 Bb4 10. Bd2 0-0 11. a3 Bxc3 12. Bxc3 Qd8 13. 0-0-0 Nbd7 14. h4 Nd5 15. Bd2 Qf6 16. Bxd5 cxd5 17. Qg3 Rac8 18. Qd6 Nb6 19. Qf4 Qxf4 20. Bxf4 Nc4 21. g4 Rc6 22. Kb1 Nd6 23. Bxd6 Rxd6 24. h5 Re8 25. f4 Rd7 26. Rde1 Rde7 27. g5 Kf8 28. Re2 b5 29. Rf1 g6 30. hxg6 fxg6 31. Rh2 Kg8 32. b3 Rc8 33. Kb2 Rc6 34. Ra1 a5 35. c3 Rec7 36. Rc2 Rf7 37. Rf1 Rg7 38. b4 a4 39. Re1 Rf7 40. Rf1 Re7 41. Re2 Kf7 42. Rh1 Kg8 43. Re5 Rf7 44. Rhe1 Re7 45. Rxd5 Rf7 46. Rxb5 Rxf4 47. Rbe5 Rf2+ 48. R1e2 Rf3 49. Rxe6 Rxe6 50. Rxe6 Rf2+ 51. Kc1 Ra2 52. d5 1-0

[Event "GER-ch U25"]
[Site "Oberhof"]
[Date "2010.05.25"]
[Round "5"]
[White "Dohmann, Dorothea"]
[Black "Leddin, Mathias"]
[Result "1/2-1/2"]
[WhiteElo "1844"]
[BlackElo "1672"]
[PlyCount "86"]
[EventDate "2010.05.22"]
[EventType "swiss"]
[EventRounds "9"]
[EventCountry "GER"]
[SourceTitle "CBM 136 Extra"]
[Source "ChessBase"]
[SourceDate "2010.07.02"]
[SourceVersion "2"]
[SourceVersionDate "2010.07.15"]
[SourceQuality "1"]

1. c4 e5 2. Nc3 Nf6 3. g3 d5 4. cxd5 Nxd5 5. Bg2 c6 6. Nf3 Bd6 7. 0-0 0-0 8. d3 Na6 9. Nd2 Nac7 10. Nxd5 Nxd5 11. Qb3 Nb6 12. Nc4 Be6 13. Qc3 Nxc4 14. dxc4 Qc7 15. b3 c5 16. Bb2 Bd7 17. f4 f6 18. f5 Bc6 19. Bd5+ Bxd5 20. cxd5 a5 21. Rac1 Rac8 22. Qf3 b6 23. Rc4 Rf7 24. Qh5 h6 25. Rh4 Kf8 26. Rc1 Ke7 27. Rcc4 Rg8 28. Qg6 Rff8 29. Rcg4 Kd8 30. Qh7 Qf7 31. Rxh6 Rh8 32. Qxh8 Rxh8 33. Rxh8+ Bf8 34. a3 Ke8 35. e4 Qa7 36. Kf1 Qa6+ 37. Ke1 Kf7 38. Rh7 Qd3 39. Bc1 Qf3 40. h3 Qc3+ 41. Bd2 Qxb3 42. Bh6 Qb1+ 43. Kd2 Qb2+ 1/2-1/2

[Event "Baden-ch U14/20 Girls"]
[Site "Schoeneck"]
[Date "2009.01.04"]
[Round "6"]
[White "Baeumer, Elisa Doreen"]
[Black "Dohmann, Dorothea"]
[Result "0-1"]
[WhiteElo "916"]
[BlackElo "1295"]
[PlyCount "100"]
[EventDate "2009.01.02"]
[EventType "swiss"]
[EventRounds "7"]
[EventCountry "GER"]
[SourceTitle "EXT 2010"]
[Source "ChessBase"]
[SourceDate "2010.11.25"]
[SourceVersion "1"]
[SourceVersionDate "2010.11.25"]
[SourceQuality "1"]

1. e4 e5 2. Nf3 Nc6 3. Nc3 Nf6 4. Bc4 Nxe4 5. Nxe4 d5 6. Bxd5 Qxd5 7. d3 Bf5 8. c4 Qa5+ 9. Bd2 Bb4 10. 0-0 Bxd2 11. Qxd2 Qxd2 12. Nfxd2 0-0-0 13. Rad1 Nb4 14. a3 Nxd3 15. b3 Rd4 16. Ng5 Nb2 17. Ngf3 Rd6 18. Rc1 f6 19. h3 Rhd8 20. g4 Bg6 21. Nb1 Rd3 22. Rc3 Rxc3 23. Nxc3 Rd3 24. Rb1 Rxf3 25. Rxb2 Rxc3 26. Kg2 Bc2 27. b4 Rxc4 28. f3 e4 29. fxe4 Bxe4+ 30. Kh2 Rc2+ 31. Rxc2 Bxc2 32. Kg3 Kd7 33. Kf4 Bd3 34. h4 Kc6 35. g5 fxg5+ 36. Kxg5 Kb5 37. h5 Ka4 38. h6 gxh6+ 39. Kxh6 Kxa3 40. Kg7 Kxb4 41. Kf6 c5 42. Ke5 c4 43. Kd4 a5 44. Ke3 a4 45. Kd2 a3 46. Kc1 Kb3 47. Kd2 a2 48. Ke3 a1Q 49. Kd2 Qe5 50. Kd1 Qe2+ 0-1

[Event "Baden-ch U14/20 Girls"]
[Site "Schoeneck"]
[Date "2009.01.03"]
[Round "3"]
[White "Dohmann, Dorothea"]
[Black "Speichert, Saskia"]
[Result "1-0"]
[WhiteElo "1295"]
[BlackElo "1065"]
[PlyCount "55"]
[EventDate "2009.01.02"]
[EventType "swiss"]
[EventRounds "7"]
[EventCountry "GER"]
[SourceTitle "EXT 2010"]
[Source "ChessBase"]
[SourceDate "2010.11.25"]
[SourceVersion "1"]
[SourceVersionDate "2010.11.25"]
[SourceQuality "1"]

1. e4 e5 2. Nf3 Nc6 3. Nc3 Nf6 4. Bb5 a6 5. Bxc6 dxc6 6. 0-0 Bd6 7. d4 exd4 8. Qxd4 Be7 9. Qxd8+ Bxd8 10. h3 0-0 11. Bg5 Be6 12. Rfd1 Be7 13. e5 Nd5 14. Nxd5 Bxg5 15. Nxc7 Rac8 16. Nxe6 fxe6 17. Nxg5 Rce8 18. Rd6 Rf5 19. Rxe6 Rxe6 20. Nxe6 Rxe5 21. Nf4 b5 22. Rd1 Re8 23. Rd6 Re1+ 24. Kh2 Ra1 25. a3 Ra2 26. Nd3 Ra1 27. Rxc6 Rc1 28. Nxc1 1-0

[Event "Baden-ch U14/18 Girls"]
[Site "Karlsruhe"]
[Date "2008.01.06"]
[Round "7"]
[White "Speichert, Saskia"]
[Black "Dohmann, Dorothea"]
[Result "0-1"]
[WhiteElo "976"]
[BlackElo "1093"]
[PlyCount "124"]
[EventDate "2008.01.02"]
[EventType "swiss"]
[EventRounds "7"]
[EventCountry "GER"]
[SourceTitle "EXT 2009"]
[Source "ChessBase"]
[SourceDate "2008.11.26"]
[SourceVersion "1"]
[SourceVersionDate "2008.11.26"]
[SourceQuality "1"]

1. e4 e5 2. Nf3 Nc6 3. Bc4 Bc5 4. d3 h6 5. Be3 Bxe3 6. fxe3 Nf6 7. Nc3 0-0 8. 0-0 Re8 9. Qe2 d6 10. h3 Nh5 11. Qe1 Be6 12. Bxe6 Rxe6 13. d4 Rg6 14. Nh4 Rf6 15. Rxf6 Qxf6 16. d5 Nb4 17. Qf2 Qxf2+ 18. Kxf2 Nxc2 19. Rc1 Nb4 20. Ke2 c5 21. a3 Na6 22. Nb5 Rd8 23. Nf5 Rd7 24. Nfxd6 Nc7 25. Rxc5 Nxb5 26. Nxb5 a6 27. Nc7 Kf8 28. Na8 Nf6 29. Kf3 b5 30. Nc7 Rd6 31. Rc6 Rxc6 32. dxc6 Ke7 33. Nxa6 Kd6 34. Nb4 Kc7 35. b3 Ng8 36. Kg4 g6 37. a4 bxa4 38. bxa4 Ne7 39. h4 Nxc6 40. Nxc6 Kxc6 41. h5 Kc5 42. hxg6 fxg6 43. Kf3 Kb4 44. g4 g5 45. Ke2 Kxa4 46. Kd3 Kb4 47. Ke2 Kc3 48. Kf2 Kd2 49. Kf3 Kd3 50. Kf2 Kxe4 51. Kg3 Kxe3 52. Kg2 Kf4 53. Kh3 Kf3 54. Kh2 Kxg4 55. Kg2 e4 56. Kf2 Kf4 57. Ke2 g4 58. Kf2 g3+ 59. Kg2 e3 60. Kf1 Kf3 61. Kg1 e2 62. Kh1 e1Q# 0-1

[Event "Baden-ch U14/18 Girls"]
[Site "Karlsruhe"]
[Date "2008.01.04"]
[Round "4"]
[White "Dohmann, Dorothea"]
[Black "Steinbach, Nina"]
[Result "1-0"]
[WhiteElo "1093"]
[BlackElo "1285"]
[PlyCount "103"]
[EventDate "2008.01.02"]
[EventType "swiss"]
[EventRounds "7"]
[EventCountry "GER"]
[SourceTitle "EXT 2009"]
[Source "ChessBase"]
[SourceDate "2008.11.26"]
[SourceVersion "1"]
[SourceVersionDate "2008.11.26"]
[SourceQuality "1"]

1. e4 e5 2. Nf3 Nc6 3. Bb5 a6 4. Bxc6 bxc6 5. Nc3 d6 6. d4 exd4 7. Nxd4 Bd7 8. 0-0 Be7 9. Bf4 Bg5 10. Qf3 Bxf4 11. Qxf4 Qf6 12. Qe3 Ne7 13. Rfe1 0-0 14. e5 dxe5 15. Qxe5 Qxe5 16. Rxe5 Rfe8 17. Rae1 Nd5 18. Rxe8+ Rxe8 19. Rxe8+ Bxe8 20. Ne4 Nb6 21. b3 f6 22. a4 Nd5 23. Nc5 Nb4 24. c3 Na2 25. Nxa6 Nxc3 26. Nxc7 Bd7 27. a5 Nb5 28. Ndxb5 cxb5 29. a6 Bc6 30. a7 Kf7 31. a8Q Bxa8 32. Nxa8 Ke7 33. Nc7 b4 34. Nd5+ Kd6 35. Nxb4 Kc5 36. Na2 g5 37. f3 f5 38. Kf2 h6 39. g4 f4 40. Ke2 Kd5 41. Kd2 Kc5 42. Kc3 Kb5 43. b4 Kb6 44. Kc4 Kc6 45. b5+ Kb6 46. Nc3 Kb7 47. Kc5 Kc7 48. b6+ Kb7 49. Kb5 Kb8 50. Ka6 Ka8 51. b7+ Kb8 52. Ne4 1-0

[Event "Baden-ch U14/18 Girls"]
[Site "Karlsruhe"]
[Date "2008.01.03"]
[Round "2"]
[White "Dohmann, Dorothea"]
[Black "Baeumer, Elisa Doreen"]
[Result "1-0"]
[WhiteElo "1093"]
[BlackElo "794"]
[PlyCount "105"]
[EventDate "2008.01.02"]
[EventType "swiss"]
[EventRounds "7"]
[EventCountry "GER"]
[SourceTitle "EXT 2009"]
[Source "ChessBase"]
[SourceDate "2008.11.26"]
[SourceVersion "1"]
[SourceVersionDate "2008.11.26"]
[SourceQuality "1"]

1. e4 e5 2. Nf3 Nc6 3. Bc4 f6 4. d4 Nh6 5. Bxh6 gxh6 6. dxe5 fxe5 7. Qd5 Qe7 8. 0-0 Nb4 9. Qd2 Qc5 10. Qc3 Bd6 11. a3 b5 12. axb4 Qxc4 13. Qxc4 bxc4 14. Na3 Ba6 15. c3 c6 16. Rfd1 Bc7 17. Nd2 d5 18. exd5 cxd5 19. b3 cxb3 20. Nxb3 0-0-0 21. Nc5 Be2 22. Rd2 Bg4 23. Nb5 Bb6 24. Nxa7+ Bxa7 25. Rxa7 Rhe8 26. Ra8+ Kc7 27. Rxd8 Rxd8 28. f3 Bf5 29. g4 Bc8 30. Kf2 Kc6 31. Ke3 Re8 32. Nb3 Kd6 33. c4 Bb7 34. Nc5 Bc6 35. Ne4+ Ke6 36. cxd5+ Bxd5 37. Rxd5 Ra8 38. Rd6+ Kf7 39. b5 Ra3+ 40. Rd3 Rxd3+ 41. Kxd3 Ke7 42. Kc4 Kd7 43. Kc5 Kc7 44. Nd6 h5 45. g5 h4 46. b6+ Kb8 47. Kc6 h3 48. Ne4 Kc8 49. Nf6 e4 50. b7+ Kb8 51. Nd7+ Ka7 52. b8Q+ Ka6 53. Qb6# 1-0